The National Museum of Arab Art in Cairo

محفوظ في:

المؤلف الرئيسي: Matḥaf al-Fann al-Islāmī

التنسيق: كتاب

اللغة: Undetermined

منشور في: Cairo S.O.P.-Press 1949

الوسوم: إضافة وسم

لا توجد وسوم, كن أول من يضع وسما على هذه التسجيلة!

رقم الطلب: (P)N3895 .C2 E3

LEADER 00328nam a2200121Ia 4500
008 240503s9999||||xx |||||||||||||| ||und||
050 4 |a (P)N3895 .C2 E3 
100 1 |a Matḥaf al-Fann al-Islāmī 
245 1 4 |a The National Museum of Arab Art in Cairo  
264 1 |a Cairo  |b S.O.P.-Press  |c 1949 
300 |c 19 
942 |2 lcc  |c PT 
999 |c 58259  |d 58259